| 000 | 00403nam a2200145 i 4500 | ||
|---|---|---|---|
| 001 | 74087 | ||
| 003 | ES-MaACL | ||
| 007 | t| | ||
| 008 | 040915s1953 sp ||||1| spa d | ||
| 100 | 1 |
_aGonzález de Castro, Luis. _958535 |
|
| 245 | 1 | 0 |
_aContabilidad general / _cLuis González de Castro. |
| 260 |
_aAlicante : _b[s.n., _c1953] ( _fLucentum) |
||
| 300 |
_a384 p. ; _c22 cm. |
||
| 852 |
_aES-MaACL _jE-4159 |
||
| 999 |
_c74087 _d74087 |
||